| 000 | 00395nam a2200109Ia 4500 | ||
|---|---|---|---|
| 008 | 160909s9999 xx 000 0 und d | ||
| 100 | _aSebe, Akua Tiwaa, | ||
| 245 | _aEffect of hot water immersion treatment (HWT) on the quality of 'Keitt' mangoes in Ghana | ||
| 260 |
_bMississippi State University. _c2016 |
||
| 650 | _aFOOD | ||
| 856 | _uhttp://pqdtopen.proquest.com/doc/1783986771.html?FMT=ABS | ||
| 999 |
_c304027 _d304027 |
||